| 000 | 01482nam a22003857a 4500 | ||
|---|---|---|---|
| 003 | CHAP | ||
| 005 | 20220817044058.0 | ||
| 008 | 060215d2005 mx r 00110 spa d | ||
| 010 | _a91696 | ||
| 011 | _a92668 | ||
| 035 | _a103233 | ||
| 040 | _cCHAP | ||
| 090 | _aTesis | ||
| 100 | 1 |
_aLuna Méndez, Fernando. _969088 |
|
| 245 | 1 | 0 |
_aGranjas ecológicas integrales : _bseguimiento y evaluación del proyecto, en cinco comunidades de Yucatán, México _c/por Fernando Luna Méndez |
| 260 |
_aTemozón Norte, Mérida, Yucatán : _bEl autor, _c2005. |
||
| 300 | _a72 h. | ||
| 502 | _aTesis (Ing. Agr. Esp. en Zonas Tropicales) -- UACH. Dirección de Centros Regionales Universitarios. Centro Regional Universitario Península de Yucatán | ||
| 590 |
_aALEPH _b10 _c20130110 _lUCH01 _h1509 |
||
| 590 |
_aBATCH-UPD _b10 _c20130110 _lUCH01 _h0326 |
||
| 590 |
_aBATCH-UPD _b10 _c20130110 _lUCH01 _h2023 |
||
| 590 |
_aBATCH-UPD _b10 _c20130409 _lUCH01 _h2359 |
||
| 590 |
_aBATCH-UPD _b10 _c20130410 _lUCH01 _h1603 |
||
| 590 |
_aBATCH-UPD _b10 _c20130914 _lUCH01 _h1159 |
||
| 590 |
_aCONVERSION _b10 _c20130109 _lUCH01 _h1351 |
||
| 650 | 1 | 4 | _aDesarrollo sustentable. |
| 650 | 1 | 4 |
_aGranjas _xPlaneación. _950396 |
| 650 | 1 | 4 |
_aGranjas _xYucatán. _950398 |
| 650 | 1 | 4 |
_aProyectos _xEvaluación. _992525 |
| 901 | _aBK | ||
| 905 | _aLilia | ||
| 942 | _cFOLL | ||
| 949 |
_aTesis _bBC _cTES _d33724000979241 _eTS2 _fc.2 _h44608 _i103233 _si |
||
| 949 |
_aTesis _bBC _cTES _d33724000979258 _eTS1 _h44607 _i103233 _sb |
||
| 999 |
_c91696 _d91696 |
||